Současné teorie mezinárodních vztahů

Saved in:
Bibliographic Details
Other Authors: Booth, Ken, Smith, Steven
Format: Book
Language:Czech
Published: Brno Barrister & Principal 2001
Subjects:
Tags: Add Tag
No Tags, Be the first to tag this record!

MARC

LEADER 00000nam$a2200000$$$4500
001 0002344
005 20221207102804.2
020 |a 80-85947-69-2 
041 0 |a cze 
044 |a CZ 
245 1 0 |a Současné teorie mezinárodních vztahů  |c Ken Booth, Steve Smith (eds.) 
264 1 |a Brno  |b Barrister & Principal  |c 2001 
300 |a 209 s. 
610 2 0 |a vzťahy politické medzinárodné 
610 2 0 |a vzťahy hospodárske medzinárodné 
610 2 0 |a kapitalizmus 
610 2 0 |a postmodernizmus 
610 2 0 |a konflikty medzinárodné 
610 2 0 |a politika medzinárodná 
610 2 0 |a nestabilita politická 
700 1 |a Booth, Ken 
700 1 |a Smith, Steven